书目信息 |
| 题名: |
物联网商业时代
|
|
| 作者: | ;路邈 译 ;日经计算机 编 | |
| 分册: | ||
| 出版信息: | 北京 机械工业出版社 2017.08 |
|
| 页数: | 409页 | |
| 开本: | 21cm | |
| 丛书名: | ||
| 单 册: | ||
| 中图分类: | F716 | |
| 科图分类: | ||
| 主题词: | 互联网络--应用--商业模式--研究 | |
| 电子资源: | ||
| ISBN: | 978-7-111-57676-1 | |
| 000 | 01126nam0 2200229 450 | |
| 001 | 5680 | |
| 005 | 20181020135518.72 | |
| 010 | @a978-7-111-57676-1@dCNY89.00 | |
| 100 | @a20171222d2017 em y0chiy50 ea | |
| 101 | 0 | @achi |
| 102 | @aCN@b110000 | |
| 105 | @aak z 000yy | |
| 200 | 1 | @a物联网商业时代@9wu lian wang shang ye shi dai@f日经计算机编@g路邈等译 |
| 210 | @a北京@c机械工业出版社@d2017.08 | |
| 215 | @a409页@c图 (部分彩图)@d21cm | |
| 330 | @a它涵盖日本物联网的系统架构、核心技术、关键领域等各个方面,更通过世界各国的新案例,勾勒出未来世界物联网城市的美好蓝图。在公共事务管理方面,我们可以看到各国在政务公开、交通管理、防恐防灾、节能环保等领域的积极举措;在公众社会服务方面,我们可以切身感受到包括医疗健康、智能家居、金融保险在内的物联网应用;在经济发展建设方面,我们可以了解物联网在日本能源电力、物流零售、智能工农业等行业日趋增长的应用趋势。当然,这其中也不乏日本对于物联网安全及“小岛进化”现象的认真思考。 | |
| 606 | 0 | @a互联网络@x应用@x商业模式@x研究 |
| 690 | @aF716@v5 | |
| 702 | 0 | @a路邈@9lu miao@4译 |
| 711 | 02 | @a日经计算机@9ri jing ji suan ji@4编 |
| 801 | 0 | @aCN@b91MARC@c20171222 |
| 905 | @aMuseLib@dF716@e1112 | |
| 物联网商业时代/日经计算机编/路邈等译.-北京:机械工业出版社,2017.08 |
| 409页:图 (部分彩图);21cm |
| ISBN 978-7-111-57676-1:CNY89.00 |
| 它涵盖日本物联网的系统架构、核心技术、关键领域等各个方面,更通过世界各国的新案例,勾勒出未来世界物联网城市的美好蓝图。在公共事务管理方面,我们可以看到各国在政务公开、交通管理、防恐防灾、节能环保等领域的积极举措;在公众社会服务方面,我们可以切身感受到包括医疗健康、智能家居、金融保险在内的物联网应用;在经济发展建设方面,我们可以了解物联网在日本能源电力、物流零售、智能工农业等行业日趋增长的应用趋势。当然,这其中也不乏日本对于物联网安全及“小岛进化”现象的认真思考。 |
| ● |
| 相关链接 |
|
|
|
|
正题名:物联网商业时代
索取号:F716/1112
 
预约/预借
| 序号 | 登录号 | 条形码 | 馆藏地/架位号 | 状态 | 备注 |
| 1 | 1130800 | 211308002 | 第一样本阅览室/ [索取号:F716/1112] | 在馆 | |
| 2 | 1130801 | 211308011 | 第一借阅区/ [索取号:F716/1112] | 在馆 | |
| 3 | 1130802 | 211308020 | 第一借阅区/ [索取号:F716/1112] | 在馆 | |
| 4 | 1130803 | 211308039 | 第一借阅区/ [索取号:F716/1112] | 在馆 |